00501nam a22001337a 4500008004100000082001600041100002700057245010900084260003200193300002000225942001200245999001500257952009500272230629b xxu||||| |||| 00| 0 eng d a346.06bEAC cEast African Community aEast African Communityb9th Extra-ordinary Meeting of the Council of ministerscReport of the Commission aArusha, TanzaniabEACc2004 avarious panging 2ddccBK c3067d3067 00102ddc4070a002b002d2023-06-29l0o346.06 EACp10008139r2023-06-29w2023-06-29yBK